| 000 | 00000nam 2200000zi 4500 |
| 001 | 9.915790 |
| 003 | CaOODSP |
| 005 | 20240605154032 |
| 006 | m o d f |
| 007 | cr |n||||||||| |
| 008 | 220928s2022 onca o f000 0 fre d |
| 020 | |a9780660456447 |
| 040 | |aCaOODSP|bfre|erda|cCaOODSP |
| 043 | |an-cn--- |
| 086 | 1 |aH114-49/2022F-PDF |
| 245 | 00|aLimites maximales de résidus (LMR) au Canada. |
| 264 | 1|a[Ottawa] : |bSanté Canada = Health Canada, |c[2022] |
| 300 | |a1 ressource en ligne (1 page non numérotée) : |billustrations |
| 336 | |atexte|btxt|2rdacontent/fre |
| 337 | |ainformatique|bc|2rdamedia/fre |
| 338 | |aressource en ligne|bcr|2rdacarrier/fre |
| 500 | |aPublié aussi en anglais sous le titre : Maximum residue limits (MRLs) in Canada. |
| 650 | 6|aPesticides|xRésidus dans les aliments|xNormes|zCanada. |
| 650 | 6|aPesticides|xDroit|zCanada. |
| 710 | 1 |aCanada. |bSanté Canada, |eorganisme de publication. |
| 775 | 08|tMaximum residue limits (MRLs) in Canada.|w(CaOODSP)9.915788 |
| 794 | |tLimites maximales de résidus (LMR) au Canada.|w(CaOODSP)9.939042 |
| 856 | 40|qPDF|s176 Ko|uhttps://publications.gc.ca/collections/collection_2023/sc-hc/H114-49-2022-fra.pdf |